| 000 | 00662nam a2200241Ia 4500 | ||
|---|---|---|---|
| 003 | OSt | ||
| 005 | 20220924145436.0 | ||
| 006 | a|||||r|||| 00| 0 | ||
| 007 | ta | ||
| 008 | 220923b |||||||| |||| 00| 0 pus d | ||
| 024 | _a328688 | ||
| 037 | _cTextual | ||
| 040 |
_aARTS _cARTS _bpus |
||
| 041 |
_2pus _apus |
||
| 082 | _aO13,1:g, 165J5 | ||
| 100 |
_aIsrail Maulvi Mohammad Au. _9219758 |
||
| 245 | 0 | _aKitabussher | |
| 260 | _c1955 | ||
| 650 | _aGREEK LITERATURE | ||
| 700 |
_a Qadir Maulana Abdul Tr. _9219759 |
||
| 942 |
_hO13,1:g, 165J5 _cTEXL _2CC |
||
| 999 |
_c460114 _d460114 |
||